La isla bajo el mar

Guardat en:
Dades bibliogràfiques
Autor principal: Allende, Isabel, 1942- (autora)
Format: Llibre
Idioma:espanyol
Publicat: Buenos Aires Sudamericana 2010
Edició:6a. ed
Col·lecció:Narrativa Latinoamericana
Matèries:
Etiquetes: Afegir etiqueta
Sense etiquetes, Sigues el primer a etiquetar aquest registre!

MARC

LEADER 00000cam a2200000 a 4500
001 UCG6679
003 CL-VaPUC
008 110512e20101100AG |||||||||||||||||spa|d
020 |a 9789500730969 
082 0 4 |a 863  |b ALL  |2 21 
100 |a Allende, Isabel,  |d 1942-  |e autora  |9 318389 
245 1 3 |a La isla bajo el mar 
250 |a 6a. ed 
300 |a 510 p 
942 |c BK 
945 |d 20110512 00:00:00  |a jcampos 
260 |a Buenos Aires  |b Sudamericana  |c 2010 
650 0 |a Novelas chilenas   |9 265425 
650 0 |a Narrativa hispanoamericana  |9 552155 
583 |a last modification  |c 20121030 10:46:33  |k Rodrigo Vera 
490 0 |a Narrativa Latinoamericana 
999 |c 344830  |d 344828 
952 |0 0  |1 0  |4 0  |6 863_000000000000000_ALL_2010  |7 0  |8 C  |9 443118  |a BIBCUR  |b BIBCUR  |d 2019-11-22  |i 4776054  |l 4  |m 2  |o 863 ALL 2010  |p 4776054  |r 2025-04-22  |s 2024-07-15  |w 2019-11-22  |y BK  |k CAC 
952 |0 0  |1 0  |4 0  |6 863_000000000000000_ALL_2010  |7 0  |8 A  |9 443119  |a BIBING  |b BIBING  |d 2019-11-22  |i 4873017  |l 8  |m 3  |o 863 ALL 2010  |p 4873017  |r 2025-04-07  |s 2025-03-18  |w 2019-11-22  |y BK  |k CUI